| 000 | 00604 a2200181 4500 | ||
|---|---|---|---|
| 001 | 066508 | ||
| 003 | OSt | ||
| 005 | 20210930161032.0 | ||
| 008 | |||
| 082 |
_a336.54 _bS29S |
||
| 245 | 1 |
_aStates fiscal management and regional equity _cedited by M. Govinda Rao and Anwar Shah |
|
| 260 |
_aNew Delhi _bPalgrave _c2009 |
||
| 300 | _a290p. | ||
| 690 | _aIndia; Intergovernmental fiscal relations; Manpower policy, Rural; Regional planning; Economic history--Regional disparities | ||
| 700 |
_aRao, M. Govinda _eEditor |
||
| 700 |
_aShah, Anwar _eEditor |
||
| 942 |
_2ddc _cBK |
||
| 999 |
_c554 _d554 |
||